00478nmm a2200157Ia 4500008004100000020001500041041000800056100003300064245002700097264007400124300001800198650002900216856005100245942000700296999001700303251105s9999||||xx |||||||||||||||||und|| a1932913416 aspa aCórdova Iturregui, Félix 0aLos hilos de la sombra a[San Juan de Puerto Rico, Puerto Rico] :bEdiciones Huracán, c2009 a190 páginas aLatin American narrative uhttps://public.digitaliapublishing.com/a/28731 cCF c73034d73034